000 00306nam a22001337a 4500
008 171107b xxu||||| |||| 00| 0 eng d
020 _a135029554
041 _aeng
080 _a330.322
100 _a63
101 _aINV
245 _aINVESTMENT, INTEREST, AND CAPITAL
_cHIRSHLEIFER,J
942 _2udc
_cBK
999 _c38114
_d38114